000 01333nam a22002657a 4500
001 074
003 DO-SdBNP
005 20240628114858.0
007 074
008 150918b2008 ag 00| 0 spa d
020 _a9789876080309 (o.c)
040 _aBPMSU
_bspa
_cBPMSU
082 4 _bS628t 2011
_222
100 1 _aSkilton, Graciela
245 1 0 _aMagos, monstruos y piratas /
_cGraciela Skilton; ilustraciones Daniel Cabral;
_b
260 _aArgentina :
_bLandeira Ediciones,
_c2008
300 _a190 p. :
_bil.,;
_c32 cm.
506 _a "La obra Teatro para niños es una valiosa herramienta pedagógica que corrobora la efectividad de la enseñanza a través de los medios audiovisuales. Una obra para que los niños se diviertan actuando con mucha magia y color. Consiste de 15 Obras de teatro para representar, material ideal para profesores, docentes de teatro que están comenzando a enseñar en colegios de nivel inicial/ primario, etc. Ejemplar que contiene actividades, obras diversas, consejos para abordar una función teatral, gráficos que muestran los diferentes vestuarios y mas..."
590 _aInventariado, 2024/VM
650 4 _aCuentos infantiles argentino
650 4 _aLibros ilustrados infantiles
_x
700 1 _aCabral, Daniel
_edibujos
910 _aVMateo V. Control de calidad. BPMSU
942 _2ddc
_cBK
999 _c14697
_d14697